00965nam a22002057a 4500003000900000008004100009040007100050082001900121100002100140245004500161260004300206300006400249505029800313650001900611650001300630650001100643700002200654700003800676700004500714AR-CdUCM190411b ||||| |||| 00| 0 spa d aMUNICIPALIDAD PROVINCIAL DEL CUSCOcBIBLIOTECA MUNICIPAL DEL CUSCO a086.909 /bC91 aCrouzet, Maurice aHistoria general de las civilizaciones / aBarcelona :bEdiciones Destino,c1961. a3 tomos ;bláminas, ilustraciones, tablas, mapas,c23 cm. aContenido: v.3.- La edad media : La expansión del oriente y el nacimiento de la civilización occidental -- t.4.- Los siglos XVI y XVII el progreso de la civilización europea y la decadencia de oriente (1492 - 1715) -- t.6.- El siglo XIX el apogeo de la expansión europea (1815 - 1914) aCivilización aHistoria aEuropa aAuboyer, Jeannine aCahen, Claude ... (colaboradores) aRipoll Perelló, Eduardo (traducción)